| 000 | 00000nam##2200000za#4500 |
| 001 | 9.614818 |
| 003 | CaOODSP |
| 005 | 20211126112847 |
| 007 | ta |
| 008 | 150406|1999||||xxc||||| f|0| 0 eng|d |
| 020 | |a0-662-27799-6 |
| 022 | |a1192-5434 |
| 040 | |aCaOODSP|beng |
| 043 | |an-cn--- |
| 086 | 1 |aFB3-2/99-9E |
| 110 | 2 |aBank of Canada. |
| 245 | 10|aMeasuring potential output within a state-space framework / |cby Maral Kichian. |
| 260 | |aOttawa - Ontario : |bBank of Canada |c1999. |
| 300 | |av, 40p. : |bgraphs, references, tables ; |c28 cm. |
| 490 | 1 |aWorking paper|x1192-5434|v99-9 |
| 500 | |a"In this paper we measure potential output (and consequently the output gap) using state-space models. Given that the estimated output gap is used as an indicator to measure the extent of inflationary pressures in the economy, we evaluate the use of such models for the implementation of monetary policy."--Abstract. N.B.: Incorrect ISBN (0-662-2799-6) printed in this publication. |
| 520 | 3 |aIn this paper we measure potential output (and consequently the output gap) using state-space models. Given that the estimated output gap is used as an indicator to measure the extent of inflationary pressures in the economy, we evaluate the use of such models for the implementation of monetary policy.--Abstract |
| 546 | |aRésumés en français |
| 563 | |aSoftcover |
| 590 | |a99-18|b1999-05-07 |
| 690 | 07|aMonetary policy|2gcpds |
| 690 | 07|aInflation|2gcpds |
| 720 | 1 |aKichian, Maral |
| 776 | 0#|tMeasuring potential output within a state-space framework / |w(CaOODSP)9.571711 |
| 830 | #0|aWorking paper,|x1192-5434|v99-9|w(CaOODSP)9.514622 |
| 986 | |a99-9 |